[Event "Hamburg St Pauli op-B"]
[Site "Hamburg"]
[Date "2014.07.25"]
[Round "7"]
[White "Strege, Thomas"]
[Black "Christensen, Andreas"]
[Result "1/2-1/2"]
[WhiteElo "1791"]
[BlackElo "1739"]
[PlyCount "138"]
[EventDate "2014.07.19"]
[EventType "swiss"]
[EventRounds "9"]
[EventCountry "GER"]
[SourceTitle "CBM 161 Extra"]
[Source "ChessBase"]
[SourceDate "2014.08.29"]
[SourceVersion "1"]
[SourceVersionDate "2014.08.29"]
[SourceQuality "1"]

1. d4 e6 2. Nf3 c5 3. c3 Qb6 4. Nbd2 d5 5. Qb3 Qa5 6. e4 Nf6 7. exd5 exd5 8. Qb5+ Qxb5 9. Bxb5+ Bd7 10. Bxd7+ Nbxd7 11. 0-0 Bd6 12. dxc5 Nxc5 13. Nb3 Nce4 14. Be3 b6 15. Rad1 h6 16. h3 Rc8 17. Nfd4 Bb8 18. Nf5 g5 19. Bd4 Rc6 20. f3 Ng3 21. Rfe1+ Kd7 22. Bxf6 Rxf6 23. Rxd5+ Kc6 24. Ne7+ Kb7 25. Rd7+ Ka8 26. Nd4 Re8 27. Rd1 Ne2+ 28. Nxe2 Re6 29. Nd4 R6xe7 30. Rxe7 Rxe7 31. Nc6 Rc7 32. Nxb8 Kxb8 33. g4 Kb7 34. Kf2 Kc6 35. Rd8 Re7 36. Rd4 Re6 37. Rc4+ Kd6 38. f4 Kd7 39. Rd4+ Kc7 40. fxg5 hxg5 41. Kf3 Rf6+ 42. Ke2 Re6+ 43. Kd2 Rh6 44. Rd3 Rf6 45. c4 Rf4 46. Kc3 f5 47. gxf5 Rxf5 48. b3 Rf2 49. a4 Rg2 50. Kd4 g4 51. hxg4 Rxg4+ 52. Ke5 a5 53. Kf5 Rh4 54. Ke5 Rh1 55. Rf3 Re1+ 56. Kd4 Rd1+ 57. Kc3 Rc1+ 58. Kb2 Rh1 59. Rf5 Rh3 60. Rb5 Rh2+ 61. Ka3 Rc2 62. Rf5 Kc6 63. Rh5 Kd6 64. Rh1 Kc5 65. Rd1 Rh2 66. Rd5+ Kc6 67. Rd3 Kc5 68. Rd5+ Kc6 69. Rb5 Rc2 1/2-1/2